Sanat - On suuri sun rantas autius - Statistics

Yleistilastot
  • Tätä visaa on pelattu 18 kertaa
  • Keskiarvotulos 40 / 70
Vastaustilastot
Vastaus % Oikein
autius
100%
On
100%
on
100%
On
100%
rantas
100%
sun
100%
Sun
100%
sun
100%
suuri
100%
öin
92%
öin
92%
öin
92%
ikävöin
85%
ikävöin
85%
sitä
85%
sitä
85%
kaislikossa
77%
kaislikossa
77%
sentään
77%
sentään
77%
soi
77%
valitus
77%
villisorsan
77%
olen
62%
olen
62%
olen
62%
harmaajata
54%
kuunnellut
54%
kuunnellut
54%
kuvasi
54%
miten
54%
painunut
54%
aaltoas
46%
emoa
46%
katsonut
46%
monin
46%
monin
46%
syvään
46%
villisorsaa
46%
villisorsaa
46%
voi
46%
eik
38%
itkenyt
38%
itkenyt
38%
jok
38%
kierrellyt
38%
löytää
38%
38%
38%
mun
38%
mun
38%
nuoruutein
38%
nuoruutein
38%
oma
38%
oma
38%
surunsa
38%
surunsa
38%
vaikeroi
38%
eksynyt
31%
ens
31%
ens
31%
joka
31%
kyynelein
31%
rannallas
31%
rannallas
31%
siellä
31%
siellä
31%
yksinäinen
31%
joku
23%
vilua
23%
Ehtoja vastaavia visoja ei löytynyt
Tulosjakauma
Jokaisen tuloksen saaneiden osuus
Persentiili vastausten määrän mukaan
Tuloshistoriasi
Et ole pelannut tätä visaa